Magic the Gathering: Betrayers of Kamigawa Characters - Statistics

General Stats
  • This quiz has been taken 5 times
  • The average score is 14 of 33
Answer Stats
Picture Answer % Correct
Kira, Great Glass-Spinner
100%
Heartless Hidetsugu
67%
Higure, the Still Wind
67%
Hokori, Dust Drinker
67%
Opal-Eye, Konda's Yojimbo
67%
Patron of the Kitsune
67%
Patron of the Orochi
67%
Sakiko, Mother of Summer
67%
Azamuki, Treachery Incarnate
33%
Chisei, Heart of Oceans
33%
Fumiko the Lowblood
33%
Ichiga, Who Topples Oaks
33%
Ink-Eyes, Servant of Oni
33%
Isao, Enlightened Bushi
33%
Ishi-Ishi, Akki Crackshot
33%
Iwamori of the Open Fist
33%
Jaraku the Interloper
33%
Kaiso, Memory of Loyalty
33%
Kentaro, the Smiling Cat
33%
Kodama of the Center Tree
33%
Kyoki, Sanity's Eclipse
33%
Mannichi, the Fevered Dream
33%
Oyobi, Who Split the Heavens
33%
Patron of the Akki
33%
Patron of the Moon
33%
Patron of the Nezumi
33%
Scarmaker
33%
Shirei, Shizo's Caretaker
33%
Shizuko, Caller of Autumn
33%
Tomorrow, Azami's Familiar
33%
Toshiro Umezawa
33%
Yomiji, Who Bars the Way
33%
Yukora, the Prisoner
33%
No matching quizzes found
Score Distribution
Percent of People with Each Score
Percentile by Number Answered
Your Score History
You have not taken this quiz